000 00335nam a2200145Ia 4500
005 20251222152033.0
008 251222s9999||||xx |||||||||||||| ||spa||
020 _a9788467240580
082 _a833.92/S14
100 _aSafier, David
245 0 _aMaldito Karma
250 _a1ra.ed.
264 _bCĂ­rculo de Lectores
942 _cLIB
999 _c25744
_d25744